[Event "Olympiad-41"]
[Site "Tromsoe"]
[Date "2014.08.10"]
[Round "8.2"]
[White "Cheparinov, Ivan"]
[Black "Ponomariov, Ruslan"]
[Result "1-0"]
[WhiteElo "2681"]
[BlackElo "2717"]
[Annotator "Marin,M"]
[PlyCount "73"]
[EventDate "2014.08.02"]
[EventType "team-swiss"]
[EventRounds "11"]
[EventCountry "NOR"]
[SourceTitle "CBM 162"]
[Source "ChessBase"]
[SourceDate "2014.09.17"]
[SourceVersion "1"]
[SourceVersionDate "2014.09.17"]
[SourceQuality "1"]
[WhiteTeam "Bulgaria"]
[BlackTeam "Ukraine"]
[WhiteTeamCountry "BUL"]
[BlackTeamCountry "UKR"]

1. d4 Nf6 2. c4 e6 3. Nf3 d5 4. g3 dxc4 5. Bg2 c5 6. O-O Nc6 7. dxc5 Qxd1 8.
Rxd1 Bxc5 9. Nbd2 c3 10. bxc3 O-O {Not a lucky variation for Ponomariov. It
yielded him his only loss during the 2009 World Cup final against Gelfand.} 11.
Nb3 {When I started playing the Catalan, I tried making this plan work, but
somehow did not believe in White's dynamic resources in the absence of the
queens. It seems I was wrong.} ({Gelfand managed to surprise Ruslan with} 11.
Ne1 {in the aforementioned Gelfand,B (2758)-Ponomariov,R (2739)
Khanty-Mansiysk 2009 CBM 134 [Marin,M] (1-0, 52)}) 11... Be7 12. c4 Bd7 13. Bb2
Rfd8 14. Nfd4 Rac8 15. Nb5 b6 {So far, both sides had played relatively
quickly, but Cheparinov spent 12 minutes on his next move.} 16. Nd6 $1 $146 ({
A novelty over} 16. Rac1 {as examind in the notes to Andreikin,D (2709)
-Mamedyarov,S (2757) Khanty-Mansiysk 2014 CBM 160 [Marin,M] (1/2-1/2, 46). The
last move seems to settle some new kind of problems, since Ponomariov needed
17 minutes to adapt himself to the changed circumstances.}) 16... Rc7 {The
most natural answer. Black keeps his rook on the open file, refraining from
making any positional concessions yet.} (16... Rb8 17. Rd2 $14) ({A player
with good defensive skills and good capacity of endurance would consider} 16...
Bxd6 17. Rxd6 Be8 18. Rxd8 Nxd8 19. Rc1 Bc6 (19... Nd7 20. f4 Nc5 21. Nxc5 Rxc5
22. Ba3 Rc8 23. c5 b5 24. Rd1 $14) 20. f3 $1 {Keeping the two bishops.} Nd7 21.
c5 (21. Ba3 Nb7 {[%csl Gc5]}) 21... Bd5 22. cxb6 Rxc1+ 23. Nxc1 Nxb6 24. e4 Bc4
25. Kf2 $14 {The bishop pair and the more active king offer White the better
ending. How big his winning chances are - that is another question. But from a
practical point of view it surely is no fun to play with Back.}) 17. Ba3 $1 {
A kew move in White's plan. The bishop was not doing much on the long diagonal,
while from a3 it creates all sorts of tactical motifs. The immediate threat is
18.Nb5 Rcc8 19.Bxc6 winning a piece.} Kf8 {Since White's coordination is
obviously better, Ponomariov tries to relieve his position by using numeric
superiority. This is a known method when the game gets close to an ending. If
the defending side can use his king as an extra piece in the main area of
combat, he has every chance of a favourable outcome. The main problem is that
the position is far from getting to an endgame yet, being closer to a complex
queenless middlegame. This makes the last move double-edged.} ({True, there
was no obvious way to equalising. If} 17... Ne5 18. Nb5 Bxb5 19. Rxd8+ Bxd8 20.
cxb5 {the strong Catalan bishop and the queenside space advantage offers White
better chances in the endgame. A possible continuation is} Be7 21. Bxe7 Rxe7
22. Rc1 g5 23. Nd4 Rd7 24. Rc8+ Kg7 25. e3 g4 26. Bc6 Re7 {Black is solid, but
awfully passive. White may well fail in proving a way to increase his
advantage, but who would like to sit and wait with Black for the rest of the
endgame?}) ({We can also understand that Black was not keen to weaken his
queenside with} 17... a6 18. c5 bxc5 (18... b5 19. Bb2 $14) 19. Rac1 Ne5 20.
Nxc5 Bc8 21. Nxc8 Rxd1+ 22. Rxd1 Rxc8 23. Rc1 a5 24. Nb3 Rxc1+ 25. Bxc1 $14 {
Another version of the ending with the bishop pair. Additionally, the a5-pawn
is vulnerable.}) 18. c5 {Reinforcing the threat 19.Nb5, this time with a
different idea (see the next comment to better understand).} Nb8 $2 {The
decisive mistake.} ({A neutral move such as} 18... h6 {would run into} 19. Nb5
Rcc8 20. Bxc6 Rxc6 21. Nxa7 Rc7 22. cxb6 {In this line, the Catalan bishop
proved its force by a well-timed capture on c6. With his last move, Ponomariov
not only cleared the long diagonal, but took the b5-square under control as
well. In doing so, he failed to notice the hidden force of the other bishop.})
({A better way of neutralising the g2-bishop would have been} 18... Nd5 {
In some lines White may win a pawn, but his pieces could be left a bit hanging.
} 19. Rac1 bxc5 20. Bxd5 exd5 21. Bxc5 Be6 22. Nb5 Rb7 23. N5d4 $14 {White
will soon reach an ending with a good knight against a (at least theoretically)
bad bishop. In view of all the alternatives to Ponomariov's play examined
above, I believe it is safe to conclude that Cheparinov's novelty offers White
a small, but lasting advantage in the endgame.}) 19. Nb5 $1 {Unexpectedly,
this move is possible and winning! Ponomariov sank into deep thought (possibly
interrupted by self-reproaches) for almost half an hour, but there is nothing
to be saved anymore.} Rcc8 ({The tactical point is that} 19... Bxb5 {loses the
exchange to} 20. Rxd8+ Bxd8 21. cxb6+) 20. Nxa7 Rc7 21. cxb6 {White has won
two pawns while retaining normal coordination. The game is over.} Rc2 22. Nd4
Rc4 23. Rac1 Rxc1 24. Bxe7+ Kxe7 25. Rxc1 Kd6 26. Ndb5+ Bxb5 27. Nxb5+ Ke7 28.
a4 Rd2 29. Nc3 Nfd7 30. a5 Rb2 31. Ra1 Rc2 32. Ra3 Rc1+ 33. Bf1 Nc6 34. Nb5
Nce5 35. b7 Nc4 36. a6 Nxa3 37. Nxa3 1-0

[Event "Dortmund SuperGM 38th"]
[Site "Dortmund"]
[Date "2010.07.23"]
[Round "8"]
[White "Leko, Peter"]
[Black "Kramnik, Vladimir"]
[Result "1/2-1/2"]
[WhiteElo "2734"]
[BlackElo "2790"]
[Annotator "Marin,M"]
[PlyCount "62"]
[EventDate "2010.07.15"]
[EventType "tourn"]
[EventRounds "10"]
[EventCountry "GER"]
[EventCategory "20"]
[SourceTitle "CBM 138"]
[Source "ChessBase"]
[SourceDate "2010.09.17"]
[SourceVersion "1"]
[SourceVersionDate "2010.09.17"]
[SourceQuality "1"]

1. d4 Nf6 2. c4 e6 3. Nf3 d5 4. g3 dxc4 5. Bg2 c5 6. O-O Nc6 7. Ne5 {
Traditionally, this has been considered to be the main line.} ({For} 7. Qa4 {
see Kramnik,V (2790)-Naiditsch,A (2684)/Dortmund 2010/CBM 138/[Marin] (1-0, 51)
}) 7... Bd7 8. Nxc4 {This move is known to lead to sharp play, which puts
Black under pressure at an early stage,. On the other hand, it faces White
with the risk of seeing his initiative being extinguished, because of the
delayed queenside development.} ({To my understanding,} 8. Na3 {is more
logical, because it develops a piece instead of moving for the third (and also
forth) time with an already developed one.}) 8... cxd4 9. Bf4 Be7 ({Decades
ago, the main theoretical discussions were held in the variation:} 9... Nd5 10.
Nd6+ Bxd6 11. Bxd6 Nde7 12. Nd2 $44) 10. Nd6+ Kf8 11. Nxb7 Qb6 12. Nd6 Qc5 {
Black has lost the right to castle, but can White sustain his initiative? If
not, Black's space advantage in the centre may become a telling factor.} 13.
Qb3 $146 {An interesting novelty, threatening Rc1 and preventing ...e5.} ({
The natural} 13. Nd2 {can be met in two ways:} e5 (13... Bxd6 $13 14. Nb3 $6 {
In the next line, this would lead to an advantage for White, because the
a3-square is under control already.} Qb4 15. a3 Qb8 $1 {In this line, 14.Rc1
is better, with unclear play.}) 14. N6e4 Nxe4 15. Nxe4 Qb6 16. Bd2 f5 17. Ng5
h6 18. Nf3 Rd8 {Weise,D-Krieger,H/Menden 1974/EXT 2001 (1/2, 52). Black's king
is relatively safe and White lacks space.}) (13. b4 $5 {is an interesting
attempt to improve over the previous line.} Qxb4 14. a3 Qc5 {White has
invested a pawn for taking the b4-square under control.} 15. Nd2 e5 (15... Bxd6
$2 {is bad now because of} 16. Nb3 $16) 16. N2e4 Nxe4 17. Nxe4 Qb6 18. Rb1 {
In this line, too, the pawn sacrifice has been justified: the open file is
available for the rook.} Qc7 19. Bd2 f5 20. Ng5 ({The spectacular} 20. f4 $6 {
seems to be unsound:} fxe4 21. fxe5+ Ke8 $1 22. Bf4 Be6 23. Bxe4 Rc8 24. Qa4
Qd7 $17 {Romanov,E (2554)-Meier,G (2556)/Neustadt 2008/CBM 126 Extra (0-1, 43)}
) 20... h6 21. Nf3 Kf7 22. e3 e4 23. Nxd4 Nxd4 24. exd4 Rab8 {with easy play
for Black, Gelfand,B (2723)-Adams,M (2729)/Yerevan 2008/CBM 124 Extra (1/2, 42)
}) ({Loginov has repeatedly (and rather unsuccessfully) tried} 13. Ne4 {
(The seventh jump with the same knight...)} Nxe4 14. Bxe4 g5 15. Bd2 (15. Bc1
f5 16. Bg2 Rc8 17. e3 Bf6 18. Nc3 Rd8 19. exd4 Nxd4 20. Be3 Bc6 $132 {Loginov,
V (2496)-Zacurdajev,M (2384)/St Petersburg 2007/CBM 118 ext (0-1, 59)}) 15...
Rb8 16. Na3 (16. e3 {Loginov,V (2555)-Kulikov,A (2285)/Kstovo 1997/CBM 059/
[Ribli] (0-1, 39)}) 16... Rxb2 17. Rc1 Qxa3 18. Bxc6 Qxa2 19. Bxg5 Bxg5 20.
Qxd4 Bxc1 21. Qxh8+ Ke7 22. Bxd7 Kxd7 23. Rxc1 Rb1 24. Qc8+ Ke7 25. Qc7+ Kf8 {
1/2 Loginov,V (2516)-Yevseev,D (2580)/St Petersburg 2004/CBM 101}) 13... Bxd6 {
Black should aim for simplifications, in order to justify the king's presence
in the centre. The last move also clears the e7-square.} (13... e5 $4 14. Qxf7#
) (13... h5 $2 14. Rc1 $18) (13... Na5 14. Qd3 Rd8 15. Rc1 Qb6 16. Qd2 $5 $14)
14. Rc1 Qb4 15. Bxc6 Rc8 $1 ({Releasing the tension with} 15... Bxc6 $6 {
offers White strong queenside initiative.} 16. Qxb4 Bxb4 17. Rxc6 Rd8 18. Rc4
Ba5 19. Na3 $16) 16. Qxb4 Bxb4 {The dark-squared bishop has been decoyed onto
a vulnerable square, but White has to decide whether to release the tension at
once or increase his pressure with an intermediate move.} 17. Bxd7 $6 {This
allows Black regroup harmoniously.} (17. a3 $5 {seems to be the critical line.
Black's problem is that the d6-square is not available yet (as will be in the
game line at a later stage).} Be7 (17... Rxc6 18. Rxc6 Bxc6 19. axb4 $16 {
[%csl Gf8,Gh8][%cal Ga1a7] White's advance in dveelopment is quite difficult
to deal with.}) (17... Ba5 18. Bxd7 Rxc1+ 19. Bxc1 Nxd7 20. Bd2 {deprives
Black from the possibility of ...a5, as in the game. Bishop retreats would
allow Bb4+ followed by Nd2, while after} Bxd2 21. Nxd2 {Black is a tempo down
if compared to the game, consisting of the absence of the generally useful
move ...a5.}) 18. Bxd7 Rxc1+ 19. Bxc1 Nxd7 20. Nd2 Nc5 21. b4 Na4 22. Nf3 Bf6
23. Bg5 $1 {[%cal Ga1c1] White maintains a slight lead in development and the
d4-pawn is weak. The black knight would not be too stable on c3 because of the
possible e2-e3, while the queenside majority may become dangerous.}) 17...
Rxc1+ 18. Bxc1 Nxd7 19. Bd2 ({At this stage,} 19. a3 {is ineffective because of
} Bd6) 19... a5 20. a3 Bxd2 21. Nxd2 Ke7 22. Nb3 Rb8 {Finally, Black has
completed his development. The a3-pawn is not too dangerous because of the
centralization of the black king.} 23. Nxa5 Rxb2 24. Nc6+ Kf6 25. a4 (25. Nxd4
e5 {leads to similar play.}) 25... Rxe2 26. Nxd4 Rd2 27. Nb5 Rd5 28. Rb1 Rd2
29. Ra1 Rd5 30. Rb1 Rd2 31. Ra1 Rd5 1/2-1/2

[Event "Dortmund SuperGM 34th"]
[Site "Dortmund"]
[Date "2006.08.01"]
[Round "3"]
[White "Kramnik, Vladimir"]
[Black "Naiditsch, Arkadij"]
[Result "1/2-1/2"]
[WhiteElo "2743"]
[BlackElo "2664"]
[Annotator "Marin,M"]
[PlyCount "87"]
[EventDate "2006.07.29"]
[EventType "tourn"]
[EventRounds "7"]
[EventCountry "GER"]
[EventCategory "19"]
[SourceTitle "CBM 114"]
[Source "ChessBase"]
[SourceDate "2006.10.02"]
[SourceVersion "1"]
[SourceVersionDate "2006.10.02"]
[SourceQuality "1"]

1. d4 Nf6 2. c4 e6 3. g3 d5 4. Bg2 dxc4 5. Nf3 Nc6 6. Qa4 Nd7 {Along with 6...
Bb4+, one of Black's main continuations.} 7. Qxc4 Nb6 8. Qb5 $5 {A slightly
mysterious move that became popular along the past years. What is the queen
supposed to be doing on such an exposed square, in the immediate neighbourhood
of an area that is very well controlled by the black pieces? It is quite
obvious that rather soon White will have to lose additional time with it.
White's whole concept is very concrete. Black's main (if not only) source of
counterplay in case of more natural retreats of the queen is the opening of
the centre by means of ...e5. The temporary presence of the queen on b5 is
aimed to produce minor changes in Black's position, which would make ...e5
less efficient or simply impossible.} ({The older main line went} 8. Qd3 e5 9.
Nxe5 Nb4 10. Qc3 Qxd4 11. O-O Qxc3 12. Nxc3 Bd6 {and White's advantage is of
rather symbolic nature.}) 8... Bd7 {Black puts pressure on the queen by
developing a piece. However, in doing so, he releases the pressure against the
d4-pawn, making the counterplay based on the advance of the e-pawn more
problematic.} ({The main alternative is} 8... a6 9. Qd3 e5 10. Nxe5 Nb4 11. Qc3
Qxd4 {and now White usually tries to take advantage of the fact that the
b6-knight is not defended as a consequence of ...a6 by playing} 12. Qxc7 {
However, the queen is rather exposed there, which allows Black obtain strong
counterplay.} ({In fact,} 12. O-O Qxc3 13. Nxc3 Bd6 14. Nf3 {also deserves
attention, since the presence of the pawn on a6 slightly weakens the whole
black queen side, offering White better chances for an advantage than in the
lines starting with 8.Qd3}) 12... Be6 {We are following the newest game as the
main line of this sub-variation. It eventually led to an advantage for White,
but several deviations are possible for Black.} (12... Be7 13. O-O N6d5 14.
Bxd5 Nxd5 15. e3 Qe4 16. Nd2 Qf5 17. e4 Nxc7 18. exf5 Bxf5 $15 {1/2-1/2
Yevseev,D (2554)-Orlov,V (2437)/St Petersburg RUS 2005/TWIC 572 (30)}) 13. Bxb7
(13. Be3 $5) 13... Qd6 (13... Rd8 14. Bc6+ Nd7 15. O-O Bd6 16. Nf3 Qxf2+ 17.
Kxf2 Bxc7 $13 {1-0 Georgiev,K (2676)-Genov,P (2477)/FYROM 2001 (50)}) 14. Qxd6
Bxd6 15. Bxa8 Nxa8 16. Nd3 Nc2+ 17. Kd1 Nxa1 18. Nc3 Nb3 (18... Nb6 19. Bf4 $1
Be7 20. Kc1 $14) 19. axb3 Bxb3+ 20. Ke1 O-O 21. Be3 $14 {1/2-1/2 Bauer,C (2599)
-Marzolo,C (2440)/Paris FRA 2006/TWIC 610 (41)}) 9. Qb3 Na5 {Quite logically,
Black gives up the idea of carrying out ...e5 and prepares ...c5 instead,
taking advantage of the fact that he has won a whole tempo for the development
of his queen side.} 10. Qd3 $146 {An interesting novelty. White intends to
inhibit ...c5 by indirect means.} ({The attempt to prevent it physically with} 
10. Qc2 {failed after} Rc8 {in two previous game of Naiditsch: 0-1 Avrukh,B 
(2652)-Naiditsch,A (2612)/Saint Vincent 2005/CBM 110/[Avrukh,B] (54) and 0-1
Nielsen,P (2668)-Naiditsch,A (2612)/Dortmund 2005/CBM 108/[Ribli] (58)}) 10...
c5 {The most radical attempt to solve the opening problems, which is not
without risk though.} ({With the white queen on d3,} 10... Rc8 {would have
been too slow, allowing White retain the initiative with} 11. O-O c5 12. Nc3
$14) 11. dxc5 Bxc5 12. Qc3 {In the previous game between the same players
which took place in the Turin Olympiad and where colours and the opening were
the same, Kramnik obtained practically decisive advantage with a simple
combination based (in its basic line, avoided by Black in the game) on the
simultaneous attack against the c5-bishop and the g7-square by means of Qc3.
Here, too, the queen attacks the same squares, but it will be Black who will
start tactical play.} Rc8 $5 {With so many white pieces on the back rank,
ignoring the threat against the g7-pawn looks quite natural.} 13. Qxg7 ({
Compared with the previous encounter between Kramnik and Naiditsch, there is
also a black knight hanging on a5. However, after} 13. Qxa5 Bb4+ 14. Qxb4 Rxc1+
15. Kd2 Rc4 {Black has strong initiative for the sacrificed piece. The attempt
to cover the d-file safely by means of} 16. Qd6 {fails to} Rc2+ $1 {when the
rook is taboo because of the discovered attack against the queen ...Ba4+,
while after} 17. Kd1 {Black can insist with} Rxe2 $1 $44 {threatening with ...
Ba4+ anyway, which will practically force the queen abandon its far advanced
outpost. Black could then continue grabbing pawns along the weak second rank.})
13... Bf8 14. Qg5 ({I suppose that Kramnik had not analyzed this position at
home. If this is true, it is quite understandable that he could not decide
himself over the board to play for a material advantage with} 14. Qxh8 {
. The position after} Rxc1+ 15. Kd2 {certainly looks dangerous for the white
king, but there is no clear way for Black to prove his compensation. For
instance, after} Rxh1 16. Bxh1 Ba4+ {(secretely hoping to deliver mate on d1),
White has the simple} 17. Qd4 {retaining big part of his material advantage in
case of} Nbc4+ 18. Ke1 $16) 14... Qxg5 15. Bxg5 Bg7 16. Nbd2 h6 17. Bf4 Bxb2
18. Rb1 Nd5 19. Bd6 Bg7 $11 {White's slightly more compact pawn structure is
compensated by the activity of the black pieces.} 20. Ne5 Nc3 21. Rc1 Nxa2 22.
Rxc8+ Bxc8 23. O-O Nc3 24. Ra1 Nb5 25. Rxa5 Nxd6 26. Nec4 Ke7 27. Rxa7 Bd4 28.
Ra8 Nxc4 29. Nxc4 b5 30. e3 Bd7 31. exd4 Rxa8 32. Bxa8 bxc4 33. Kf1 Kd6 34. Ke2
Bc6 35. Bxc6 Kxc6 36. Kd2 Kd5 37. Kc3 Ke4 38. Kxc4 Kf3 39. d5 exd5+ 40. Kxd5
Kxf2 41. Ke5 Kg2 42. Kf6 Kxh2 43. Kxf7 Kxg3 44. Kg6 1/2-1/2